[Event "Montecatini Terme"]
[Site "Montecatini Terme"]
[Date "2000.08.01"]
[Round "5"]
[White "Minasian, Artashes"]
[Black "Shirov, Alexei"]
[Result "1-0"]
[WhiteElo "2595"]
[BlackElo "2746"]
[Annotator "Horn,Peter"]
[PlyCount "69"]
[EventDate "2000.07.28"]
[EventType "tourn"]
[EventRounds "7"]
[EventCountry "ITA"]
[EventCategory "17"]
[SourceTitle "CBM 079"]
[Source "ChessBase"]
[SourceDate "2000.11.21"]
[SourceVersion "1"]
[SourceVersionDate "2000.11.21"]
[SourceQuality "1"]

1. Nf3 d5 2. g3 Bg4 3. Bg2 Nd7 4. c4 e6 {Shirovs Lieblingsmethode gegen den weißen Aufbau.} 5. cxd5 exd5 6. O-O (6. h3 Bxf3 (6... Bh5) 7. Bxf3 Ngf6 8. Qb3 Nc5 9. Qc2 c6 10. d3 Bd6 11. Nd2 O-O 12. Nb3 Ne6 13. O-O Re8 14. e4 $14 {Thorbergsson,F-Thorsteinsson,B/Reykjavik 1966}) ({Häufiger gewählt wurde} 6. Qb3 Nc5 7. Qc2 (7. Qe3+ Be7 8. d4 (8. h3 Bxf3 9. Qxf3 Nf6 10. O-O O-O 11. d4 Ne6 12. Nc3 c6 $11 {Sulava,N-Palac,M/Bled 1992}) 8... Na4 9. b3 Nb6 10. O-O Nf6 11. Ba3 Nc8 12. Nc3 c6 13. Ne5 O-O 14. Bxe7 Nxe7 15. Nxg4 Nxg4 16. Qd3 f5 $11 {Anic,D-Bacrot,E/Cannes 1995}) 7... Nf6 8. O-O Be7 9. b4 Ne6 10. Bb2 O-O 11. a3 c6 12. d3 Qb6 13. Nbd2 a5 $13 {Todorcevic,M-De la Villa Garcia,J/Oropesa del Mar 1996}) (6. d3 Bd6 7. Nc3 Ne7 8. O-O c6 9. Qc2 O-O 10. e4 Nc5 11. Ne2 Ne6 12. Be3 Qd7 13. Nh4 g5 14. f3 gxh4 15. fxg4 Ng7 16. g5 hxg3 17. Nxg3 $13 {Ninov,K-Sharif,M/Cap d'Agde 1994}) 6... Ngf6 7. d3 Bc5 8. Nbd2 (8. h3 Bxf3 9. Bxf3 O-O 10. Nd2 Re8 11. Nb3 Bb6 12. Bd2 Qe7 13. a4 a6 14. Bc3 h5 15. a5 Ba7 16. Ra4 Ne5 17. Bg2 Qd7 $132 {Anastasian,A-Rublevsky,S/Yerevan 1996}) (8. Qc2 O-O 9. Nbd2 Re8 10. h3 Bh5 11. e4 Bb6 12. b4 $6 dxe4 13. dxe4 Qe7 14. Nh4 Ne5 $36 {Wirthensohn,H-Bagirov,V/Yerevan 1996}) (8. Nc3 O-O 9. h3 (9. Qb3 Re8 (9... Nb6 10. Bg5 Be6 11. Qc2 h6 12. Bf4 c6 13. e4 Nfd7 14. Rad1 Re8 15. h3 Qf6 16. Nh2 a5 17. Rfe1 Qg6 $132 {Dizdar,G-Campos Moreno,J/Barcelona 1991}) 10. Qxb7 (10. Nxd5 {Khenkin} Nxd5 11. Qxd5 Rxe2 12. d4 $1 $14) 10... Rb8 11. Qa6 Ne5 12. Bg5 (12. d4 {Khenkin}) 12... Rxb2 13. Nxe5 Rxe5 14. Bxf6 gxf6 15. Na4 Re6 16. Qa5 Bb6 17. Qxd5 Rd6 18. Qxd6 (18. Qc4 $142 $15) 18... Qxd6 19. Nxb2 Qd4 $1 $17 {Wojtkiewicz,A-Khenkin,I/Krynica 1997}) 9... Bxf3 10. Bxf3 c6 11. Rb1 Qe7 (11... a5 12. a3 Qe7 13. e4 dxe4 14. dxe4 Ne5 15. Bg2 Qe6 16. b4 axb4 17. axb4 Bb6 18. Na4 Rfd8 19. Qc2 Bd4 20. Nc5 Qe7 21. Bf4 h6 22. Nb3 $14 {Sakadin-Landenbergue/Harkany op/1993}) 12. Bg2 Rad8 13. d4 $6 Bd6 14. Bg5 h6 15. Bxf6 Nxf6 16. e3 h5 $15 {Lopushnoy,D-Dreev,A/Maikop 1998}) (8. a3 a5 9. Nc3 O-O 10. h3 Bxf3 11. Bxf3 c6 12. Qc2 Qb8 13. Bf4 Qa7 14. Rad1 Rfe8 15. e4 dxe4 16. dxe4 $14 {Anastasian,A-Dreev,A/Kazan 1997}) 8... O-O 9. h3 Bh5 10. Nb3 Bb6 11. a4 a5 $146 {Es könnte sich um einen vorbereiteten Zug handeln, da Anastasian mehrfach zu dem weißen Aufbau griff. Shirov gönnt seinem Gegner den Raumgewinn durch a4-a5 nicht.} (11... a6 12. a5 Ba7 13. Bd2 Re8 14. Bc3 Qe7 15. e3 c5 16. g4 Bg6 17. Nh4 Rad8 18. Re1 Qd6 19. Nxg6 hxg6 20. d4 cxd4 21. Bxd4 $14 {Anastasian,A-Dreev,A/Luzern 1997}) 12. Nfd4 $146 ({RR} 12. g4 Bg6 13. Nbd4 Re8 14. Bf4 c6 15. Rc1 Nc5 16. Ne5 Nxd3 17. Nxg6 Nxc1 18. Bxc1 hxg6 19. e3 Ne4 20. f3 Ng5 21. Re1 Qd6 22. h4 Bxd4 23. exd4 Nxf3+ {0-1 (23) Weindl,A (2353)-Dobosz,H (2404) Austria 2009}) 12... Nc5 (12... c5 $6 {schwächt sich unötig:} 13. Nb5 $14) 13. Nxc5 Bxc5 14. Nb3 Bb6 15. Qc2 Re8 16. e3 {[%cal Yc1d2,Yd2c3]} ({Keinen Vorteil verspricht} 16. e4 dxe4 17. dxe4 Bg6 {und das weiße Zentrum gerät unter Beschuß.}) 16... Bg6 $1 17. Nd2 ({Nach dem normalen} 17. Bd2 {ergreift Schwarz die Initiative:} c5 $1 $36) 17... c5 {[%cal Rc5c4] Schwarz darf mit dem Ergebnis der Eröffnung sehr zufrieden sein.} 18. Qb3 Rc8 19. Ra3 c4 $6 {Shirov hält den Zeitpunkt für gekommen, die weiße Spielanlage zu bestrafen, und stürzt sich in einen taktischen Strudel.} ({Nach einem ruhigen Zug wie} 19... Rc6 {behielte Shirov alle Optionen.}) 20. dxc4 Bc5 21. cxd5 $1 {Solche Qualitätsopfer sind wahrscheinlich in Armenien Ehrensache.} ({Nach dem ängstlichen} 21. Ra1 dxc4 22. Qxb7 (22. Nxc4 Bd3 $17) 22... Bb4 $44 {entfalten die schwarzen Figuren einen dem Weißen nichts Gutes verheißenden Druck.}) 21... Bb4 ({Hier hätte ich eigentlich die Annahme der Qualität erwartet:} 21... Bxa3 22. bxa3 {Weiß darf mit seinen 2 Bauern für die Qualität sehr zufrieden sein. Den Versuch, den d5 zu beseitigen, könnte Weiß (sofern er denn will), zum Rückgewinn der Qualität nutzen:} Rc5 23. Bb2 Nxd5 24. Bd4 Rc2 $8 25. Rd1 Nf6 26. Ne4 Nxe4 ({nach} 26... Bxe4 27. Bxe4 Rc8 28. Bf5 {dominiert das Läuferpaar.}) 27. Qxc2 Nxg3 28. Qb2 $14) 22. Ra1 Rxc1 $6 ({Die Alternative, auf den weißen Feldern herumzustochern, könnte Anastasian nach} 22... Bc2 23. Qa2 Bd3 24. Rd1 Be2 25. Re1 Bc4 {mit einem erneuten Qualitätsopfer beantworten:} 26. Nxc4 $1 Bxe1 27. Bd2 Bxd2 28. Nxd2 $14 {Immerhin käme Schwarz nach} Rc2 29. Rd1 Qb6 {zu einigem Gegenspiel.}) 23. Rfxc1 Bxd2 24. Rd1 Bb4 25. Rac1 $16 {[%csl Gd5] Materiell sieht die Lage gut aus für Weiß; zudem kommt Schwarz wegen des starken d5 nicht zu einem konstruktiven Figurenspiel.} Ne4 26. Bxe4 $5 {Das hätten sich viele Schachspieler nicht getraut: die Abgabe des Fianchettoläufers hat in zu vielen Fällen zur Katastrophe geführt. Hier verhindert Weiß die Blockade seines Hoffnungsbauern (d5) mit d6.} (26. Rd4) 26... Bxe4 27. Rd4 Bf5 $2 (27... Qd7 $142 28. Kh2 Qf5 29. f4 Qh5 30. Qd1 $16) (27... Bd6 $2 28. Qxb7 $18) 28. d6 $1 $18 {[%csl Gd6] Die (endgültige) Entscheidung: es ist kein Kraut gegen diesen  gewachsen.} Bd7 (28... Bxh3 $2 29. d7 Bxd7 30. Rcd1 $18) 29. Rc7 b6 (29... Bxd6 30. Rxb7 Re6 31. Rxd6 Rxd6 32. Rb8 Bc8 33. Qc4 $18) 30. Qd5 Rf8 31. Qb7 Bxh3 (31... Bc8 32. Qxb6 Bxh3 33. d7 $18) 32. d7 Qf6 33. Rc8 Be7 34. Rxf8+ Kxf8 35. Rf4 1-0

[Event "Villarrobledo op 18th"]
[Site "Villarrobledo"]
[Date "2000.08.20"]
[Round "7"]
[White "Kurajica, Bojan"]
[Black "Okhotnik, Vladimir"]
[Result "1-0"]
[WhiteElo "2534"]
[BlackElo "2510"]
[PlyCount "153"]
[EventDate "2000.08.19"]
[EventType "swiss (rapid)"]
[EventRounds "9"]
[EventCountry "ESP"]
[SourceTitle "EXT 2001"]
[Source "ChessBase"]
[SourceDate "2000.11.22"]
[SourceVersion "1"]
[SourceVersionDate "2000.11.22"]
[SourceQuality "1"]

1. Nf3 g6 2. d4 Bg7 3. g3 c5 4. Bg2 cxd4 5. Nxd4 Nc6 6. Nb3 a5 ({RR} 6... h5 7. h3 d6 8. Nc3 Be6 9. e4 Bxc3+ 10. bxc3 Nf6 11. O-O Qd7 12. Kh2 Rc8 13. Nd4 Ne5 14. f4 Nc6 15. Be3 Bc4 16. Rf2 d5 17. e5 Ne4 18. Bxe4 dxe4 19. Rd2 Nxd4 20. Rxd4 Qc6 21. a4 {Onischuk,V (2629)-Kovalenko,I (2656) Lutsk 2015 1-0 (53)}) 7. c3 $146 ({RR} 7. a4 d6 8. O-O Be6 9. Nc3 Bxc3 10. bxc3 Qc8 11. c4 Bxc4 12. Bb2 f6 13. Qd2 h5 14. Nd4 h4 15. Nb5 Kf7 16. Qf4 Be6 17. Rad1 Bh3 18. Rxd6 Bxg2 19. Rxf6+ Nxf6 20. Nd6+ exd6 21. Qxf6+ Ke8 {Byrne,D-Pomar Salamanca,A Tampa 1952 ½-½ (46)}) ({RR} 7. O-O a4 8. N3d2 a3 9. c3 axb2 10. Bxb2 Nf6 11. c4 O-O 12. Nc3 d6 13. Rb1 Bf5 14. e4 Be6 15. Nd5 Rxa2 16. Qb3 Ra7 17. Rfe1 Nd7 18. Bxg7 Kxg7 19. h4 Qa5 20. Qb2+ f6 21. h5 Rfa8 {Garcia Molina,J (2220)-Barria Zuniga,D (2341) chess.com INT 2024 0-1 (72)}) ({RR} 7. a4 d6 8. O-O h5 9. Nc3 h4 10. e4 hxg3 11. fxg3 Nf6 12. Nd5 Nxd5 13. Qxd5 Qb6+ 14. Kh1 Be6 15. Qb5 Qa7 16. c3 Rh5 17. Qd3 Bxb3 18. c4 Nd4 19. Be3 Qa6 20. Rfc1 Nc2 21. Qxb3 Nxe3 {Kuecher,W (2141)-Okhotnik,V (2363) Innsbruck 2019 0-1}) ({RR} 7. a4 Nf6 8. Nc3 d6 9. O-O O-O 10. Nb5 Be6 11. N3d4 Nxd4 12. Nxd4 Bd5 13. Bxd5 Nxd5 14. c3 Qb6 15. Nb5 Qc6 16. f3 Rfc8 17. Kg2 Nb6 18. Be3 Nc4 19. Qc1 b6 20. Bf2 d5 21. Qc2 e5 {Jirovsky,P (2335)-Gross,S (2390) Bayern 1998 ½-½ (44)}) 7... a4 8. Nd4 Qb6 9. e3 Nf6 10. O-O d5 11. Na3 O-O 12. Qe2 Ra5 13. h3 e5 14. Ndc2 Be6 15. Kh2 Re8 16. f3 Qa6 17. Qxa6 bxa6 18. Nb4 Nb8 19. e4 dxe4 20. fxe4 Nbd7 21. Be3 Rc8 22. Rad1 Bf8 23. Rfe1 Kg7 24. Bf2 h5 25. Bf1 Bc5 26. Bxc5 Nxc5 27. Bg2 Nb7 28. Nd5 Rac5 29. Rd2 Na5 30. Nb6 Rb8 31. Nxa4 Rc6 32. b3 Rcc8 33. c4 Nxb3 34. axb3 Rxb3 35. Ra1 Bxc4 36. Rc2 Be6 37. Nc5 Rbb8 38. Nxe6+ fxe6 39. Rac1 Rxc2 40. Rxc2 Rb4 41. Rc7+ Kh6 42. Nc4 a5 43. Nxe5 g5 44. Rc6 a4 45. Rxe6 Kg7 46. Re7+ Kg8 47. Nc6 Rb2 48. Ra7 Nxe4 49. Rxa4 Nd2 50. Kg1 Kg7 51. Nd4 g4 52. hxg4 hxg4 53. Nf5+ Kf6 54. Ne3 Nf3+ 55. Bxf3 gxf3 56. Rf4+ Kg5 57. Rf5+ Kg6 58. Rxf3 Rb3 59. Kg2 Rb1 60. g4 Kg5 61. Rf5+ Kg6 62. Nd5 Rb2+ 63. Kg3 Rb1 64. Nf4+ Kh6 65. Rf6+ Kg7 66. Rc6 Rb3+ 67. Kh4 Rb4 68. Rc7+ Kf8 69. Kg5 Ra4 70. Kf5 Ra5+ 71. Kf6 Kg8 72. g5 Ra6+ 73. Ne6 Ra8 74. g6 Re8 75. Rf7 Ra8 76. g7 Kh7 77. Rf8 1-0

[Event "Mondariz zt 1.1"]
[Site "Mondariz"]
[Date "2000.09.10"]
[Round "7"]
[White "Bauer, Christian"]
[Black "Van den Doel, Erik"]
[Result "1-0"]
[WhiteElo "2562"]
[BlackElo "2547"]
[PlyCount "101"]
[EventDate "2000.09.03"]
[EventType "swiss"]
[EventRounds "11"]
[EventCountry "ESP"]
[SourceTitle "CBM 079"]
[Source "ChessBase"]
[SourceDate "2000.11.21"]
[SourceVersion "1"]
[SourceVersionDate "2000.11.21"]
[SourceQuality "1"]

1. Nf3 d5 2. c4 dxc4 3. Qa4+ Nd7 4. Qxc4 e5 5. g3 Bd6 6. Bg2 Ngf6 7. O-O O-O ({RR} 7... Qe7 8. Qc2 c6 9. d3 O-O 10. Nbd2 Nb6 11. b3 h6 12. Bb2 Re8 13. e4 Bg4 14. h3 Bxf3 15. Nxf3 {½-½ (15) Bruzon Batista,L (2686)-Dominguez Perez,L (2716) Santiago de los Caballeros 2011}) 8. d3 Nb6 $146 ({RR} 8... Qe7 9. Qc2 c6 10. Nc3 Nb6 11. Bg5 h6 12. Bxf6 Qxf6 13. Ne4 Qe7 14. Nxd6 Qxd6 15. d4 exd4 16. Rfd1 Be6 17. Nxd4 Qe7 18. Nxe6 Qxe6 19. b3 Rad8 20. Rd2 Rxd2 21. Qxd2 Re8 22. e3 Re7 23. Qd8+ {Hartio,I (2061)-Jarvenpaa,J (2278) Jyvaskyla 2012 1-0 (56)}) ({RR} 8... c6 9. Qc2 Re8 10. Nc3 h6 11. Bd2 Nb6 12. Rab1 Nbd5 13. a3 a5 14. Rfc1 Bg4 15. Ne4 Nxe4 16. dxe4 Nc7 17. Be3 Qe7 18. Nh4 g6 19. h3 Be6 20. Bxh6 Nb5 21. Qd2 Nd4 22. Re1 Ba2 23. Rbd1 {Rother,M (2126)-Plueg,A (2303) Vellmar 2012 1-0 (57)}) 9. Qc2 h6 10. b3 Nbd5 11. a3 Ne7 12. Bb2 Nc6 13. Nbd2 Re8 14. Rfe1 Bf5 15. Nh4 Bd7 16. Nc4 Nh7 17. b4 a6 18. e3 Ng5 19. Rf1 Rc8 20. Kh1 Nh7 21. Nf3 Bf5 22. Nfd2 Bf8 23. Ne4 Qd7 24. f4 exf4 25. gxf4 Rcd8 26. Rad1 Be7 27. Rg1 Bf8 28. Bf3 Re6 29. Nc5 Bxc5 30. Rxg7+ Kf8 31. bxc5 Bg6 32. Qg2 Nf6 33. f5 Bxf5 34. Rg3 Ke7 35. e4 Nxe4 36. Rg7 Bg6 37. Bg4 Nxc5 38. Bxe6 Qxe6 39. Rf1 Rxd3 40. Bf6+ Ke8 41. Ne5 Qxe5 42. Bxe5 Be4 43. Bxc7 Bxg2+ 44. Rxg2 Ne7 45. Rg3 Rd5 46. Rgf3 Ne6 47. Bg3 Ng5 48. Rf6 Rd3 49. Rxh6 Rxa3 50. Rh5 f6 51. Rxf6 1-0

[Event "USA-ch"]
[Site "Seattle"]
[Date "2000.10.02"]
[Round "7"]
[White "Kaidanov, Gregory S"]
[Black "Gulko, Boris F"]
[Result "1-0"]
[WhiteElo "2624"]
[BlackElo "2643"]
[PlyCount "75"]
[EventDate "2000.09.25"]
[EventType "tourn"]
[EventRounds "11"]
[EventCountry "USA"]
[EventCategory "14"]
[SourceTitle "CBM 080"]
[Source "ChessBase"]
[SourceDate "2001.01.25"]
[SourceVersion "1"]
[SourceVersionDate "2001.01.25"]
[SourceQuality "1"]

1. e4 e6 2. d3 c5 3. Nf3 Nc6 4. g3 g6 5. Bg2 Bg7 6. O-O Nf6 7. c3 d5 8. e5 ({RR} 8. Qe2 O-O 9. e5 Nd7 10. d4 f6 11. exf6 Qxf6 12. Bg5 Qf5 13. Be3 b6 14. Na3 a6 15. Rad1 Bb7 16. Ng5 Rfe8 17. f4 cxd4 18. cxd4 Qf8 19. Bh3 Qd6 20. Bf2 Nf8 21. Rfe1 Re7 22. Nb1 Rae8 {Damljanovic,B (2589)-Svidler,P (2723) Plovdiv 2003 ½-½ (46)}) 8... Nd7 9. d4 O-O 10. Bf4 $146 ({RR} 10. Na3 a5 11. Nc2 b5 12. h4 Ba6 13. Re1 Rb8 14. h5 b4 15. Ne3 Qc7 16. Ng4 bxc3 17. bxc3 cxd4 18. cxd4 Nb4 19. Bh6 Qc2 20. Bxg7 Kxg7 21. h6+ Kh8 22. a3 Qxd1 23. Rexd1 Nc6 24. Bf1 Bxf1 {Seul,G (2401)-Galchenko,M (2340) Chess.com INT 2017 1-0 (35)}) 10... cxd4 11. cxd4 f6 12. exf6 Qxf6 13. Bg5 Qf5 14. Nc3 h6 15. Be3 Nb6 16. b3 Bd7 17. Ne2 Nc8 18. Nf4 N8e7 19. Nd3 Rad8 20. Re1 g5 21. h4 gxh4 22. Nxh4 Qf6 23. Nf4 Be8 24. Qg4 e5 25. Ne6 exd4 26. Bxh6 Qxh6 27. Nxd8 Bh5 28. Qe6+ Kh7 29. Qxh6+ Bxh6 30. Nxc6 Nxc6 31. Bxd5 Rd8 32. Be4+ Kg8 33. Bf3 Bf7 34. Rad1 d3 35. Nf5 Bg5 36. Bxc6 bxc6 37. f4 Bf6 38. Nh6+ 1-0

[Event "Bayern-chI Bank Hofmann 4th"]
[Site "Bad Wiessee"]
[Date "2000.11.02"]
[Round "6"]
[White "Gutman, Lev"]
[Black "Kindermann, Stefan"]
[Result "1-0"]
[WhiteElo "2533"]
[BlackElo "2519"]
[PlyCount "155"]
[EventDate "2000.10.28"]
[EventType "swiss"]
[EventRounds "9"]
[EventCountry "GER"]
[SourceTitle "EXT 2003"]
[Source "ChessBase"]
[SourceDate "2002.11.25"]
[SourceVersion "1"]
[SourceVersionDate "2002.11.25"]
[SourceQuality "1"]

1. Nf3 c5 2. g3 g6 3. Bg2 Bg7 4. d4 cxd4 5. Nxd4 Nc6 6. Nxc6 bxc6 7. O-O Rb8 8. Nd2 Nf6 9. Nb3 Qc7 10. Bd2 d6 11. Ba5 Qd7 12. Bc3 Qc7 13. Qd2 O-O 14. Rfe1 Bb7 $146 ({RR} 14... c5 15. e4 Nd7 16. Bxg7 Kxg7 17. Qc3+ Kg8 18. Na5 Ne5 19. f4 Nc6 20. Nc4 Be6 21. Ne3 Qa5 22. Qxa5 Nxa5 23. b3 Rfd8 24. Rad1 Kf8 25. f5 Bd7 26. f6 Be6 27. fxe7+ Kxe7 28. Nd5+ Kf8 29. Nf4 {Kavalek,L (2545)-De Firmian,N (2515) Berkeley 1984 ½-½ (44)}) 15. Rad1 c5 16. e4 Nd7 17. Bxg7 Kxg7 18. Na5 Ba8 19. Nc4 Kg8 20. b3 Rfd8 21. Qg5 f6 22. Qd2 Ne5 23. Ne3 g5 24. f4 gxf4 25. gxf4 Ng6 26. Ng4 e5 27. fxe5 fxe5 28. Re3 Nf4 29. Rg3 Kh8 30. c4 Rg8 31. Rf1 Rg6 32. Nh6 Rf8 33. Nf5 Rff6 34. Bf3 Qf7 35. Kf2 Qf8 36. Ke1 Bc6 37. Kd1 Bd7 38. Re1 Bc8 39. Kc1 Rg8 40. Rd1 Bxf5 41. exf5 Qh6 42. Rxg8+ Kxg8 43. Kb1 Qf8 44. Be4 Kh8 45. Rg1 Rf7 46. Ka1 Qe7 47. Rd1 Rf6 48. b4 cxb4 49. Qxb4 Qc7 50. Rb1 Rf8 51. Rd1 Rf6 52. a3 Kg7 53. Rg1+ Kh8 54. Rb1 Rf8 55. a4 Kg7 56. a5 Rc8 57. Bb7 Rf8 58. Rd1 Rf6 59. Be4 Kh8 60. Rd2 Kg7 61. Ka2 Kh8 62. Ka3 Kg7 63. Ka4 Kh8 64. Qb5 Kg7 65. Qc6 Qb8 66. Qd7+ Kh6 67. Ka3 Qf8 68. Kb3 Qb8+ 69. Qb7 Qe8 70. Qxa7 d5 71. Bxd5 e4 72. Qe3 Rxf5 73. Bxe4 Rf6 74. Rd5 Kg7 75. Rb5 Qd8 76. Rb7+ Kg8 77. Bxh7+ Kh8 78. Bc2 1-0

[Event "Olympiad-34"]
[Site "Istanbul"]
[Date "2000.11.01"]
[Round "5.1"]
[White "Damljanovic, Branko"]
[Black "Short, Nigel D"]
[Result "1-0"]
[WhiteElo "2559"]
[BlackElo "2677"]
[Annotator "Horn,Peter"]
[PlyCount "129"]
[EventDate "2000.10.28"]
[EventType "team-swiss"]
[EventRounds "14"]
[EventCountry "TUR"]
[SourceTitle "EXT 2001"]
[Source "ChessBase"]
[SourceDate "2000.11.22"]
[SourceVersion "1"]
[SourceVersionDate "2000.11.22"]
[SourceQuality "1"]
[WhiteTeam "Yugoslavia"]
[BlackTeam "England"]
[WhiteTeamCountry "YUG"]
[BlackTeamCountry "ENG"]

1. Nf3 d5 2. g3 Bg4 3. Bg2 Nd7 4. O-O Ngf6 5. d3 e5 6. c4 dxc4 7. dxc4 c6 8. Nc3 (8. Qc2 Bc5 9. Nc3 O-O (9... Qe7 10. Na4 e4 11. Nxc5 Qxc5 12. Ng5 O-O 13. Be3 Qe5 14. Nxe4 Nxe4 15. Bxe4 Nf6 16. Bg2 Rfe8 17. h3 $6 Qh5 $5 $132 {Bernard,C-Roos,L/FRA-chT 1989}) 10. h3 Bxf3 (10... Bh5 11. Nh4 Re8 12. g4 Bg6 13. Nxg6 hxg6 14. b3 Qe7 15. Bb2 Ba3 16. Rad1 Bxb2 17. Qxb2 Rad8 18. e3 $14 {Murdzia,P-Tukmakov,V/Koszalin 1998}) 11. Bxf3 Qe7 12. Kh2 (12. Bg2 $5) 12... Rfe8 13. Bg5 h6 14. Bxf6 Nxf6 15. e3 e4 16. Bg2 h5 $11 {Petrosian,T-Portisch,L/Milan 1975}) 8... Qc7 ({Keine Nachahmer hat} 8... h6 9. Qc2 g5 $6 {gefunden:} 10. b3 Qe7 11. Bb2 Qe6 12. Rad1 Be7 13. Rd2 O-O 14. Rfd1 Rfd8 15. Ne4 Nxe4 16. Qxe4 Bf5 17. Qe3 f6 18. a3 {½-½ Pigusov,E-Bareev,E/Kharkov 1985}) ({Der beliebteste Zug in dieser Stellung ist} 8... Be7 {, wobei zu beachten ist, daß diese Stellung auch aus Altindisch mit frühem g4 entstehen kann.} {z.B.:} 9. b3 ({oder} 9. h3 Be6 10. b3 h6) (9. Qc2 O-O 10. b3 Re8 11. h3 Bh5 12. Nh4 Nc5 13. g4 Nfd7 14. Nf5 Bg6 15. Bb2 {Markowski,T-Beliavsky,A/Koszalin 1998}) 9... O-O 10. Bb2 Re8 11. Qc2 Bf8 12. h3 Bh5 13. Nh4 Nc5 14. Rad1 Qc7 15. g4 Bg6 16. Nxg6 hxg6 17. e3 a5 18. Ne2 {Todorcevic,M-Rodriguez Vargas,O/Salamanca 1990}) 9. Qc2 Bc5 (9... Be7) 10. b3 O-O 11. h3 Bh5 (11... Bxf3 12. Bxf3 Rfe8) 12. Nh4 Rfe8 13. e3 $146 ({RR} 13. g4 Bg6 14. Nxg6 hxg6 15. e3 Nf8 16. g5 N6d7 17. Ne4 Ne6 18. Bb2 Be7 19. h4 Ndc5 20. Rad1 Rad8 21. Bh3 Bf8 22. Rxd8 Rxd8 23. Nxc5 Nxc5 24. Rd1 e4 25. Bg2 Rxd1+ 26. Qxd1 Qa5 27. a3 Nd3 {Praggnanandhaa,R (2608)-Abdurakhmanov,M (2284) Chess.com INT 2020 ½-½ (48)}) ({RR} 13. g4 Bg6 14. Nxg6 hxg6 15. e3 Nf8 16. g5 N6d7 17. Ne4 Ne6 18. Bb2 Be7 19. h4 Ndc5 20. Rad1 Rad8 21. Bh3 Bf8 22. Rxd8 Rxd8 23. Nxc5 Nxc5 24. Rd1 e4 25. Bg2 Rxd1+ 26. Qxd1 Qa5 27. a3 Nd3 {Praggnanandhaa,R (2608)-Abdurakhmanov,M (2284) Chess.com INT 2020 ½-½ (48)}) 13... Rad8 14. Bb2 Nf8 (14... Bf8 15. g4 Bg6 16. Nxg6 hxg6 17. Rad1 $14) 15. Na4 $1 {Macht Jagd auf den anderen .} ({Auf den Tausch des h5 ist Schwarz vorbereitet:} 15. g4 Bg6 16. Nxg6 Nxg6 $11) 15... N6d7 (15... Be7 {würde vermutlich nach} 16. Nf5 {zu ähnlichen Stellungen führen.}) 16. g4 (16. Nxc5 Nxc5 {erobert auch das Läuferpaar, kostet aber einiges an Zeit.}) 16... Be7 17. Nf5 Bg6 18. Rad1 Ne6 (18... Bf6 19. Nc3 {[%cal Yc3e4] rettet den e7 auch nicht.}) 19. Nxe7+ Rxe7 20. Qc3 $14 e4 21. Ba3 Ree8 ({Short läßt sich nicht zu} 21... c5 {[%csl Rd5] überreden; zu schrecklich sieht die Felderschwäche auf d5 aus.} {z.B.:} 22. Qc2 Ree8 23. Nc3 Qa5 24. Bb2 Ng5 25. Nd5 $16) 22. Bd6 $16 Qc8 23. Qa5 Qa8 24. Nc3 b6 25. Qa3 Nf6 (25... Ndc5) 26. Be7 $1 Rxd1 27. Rxd1 Ng5 28. Bxf6 (28. Qd6) 28... gxf6 29. Qd6 (29. Rd7) 29... Kg7 30. h4 Nf3+ 31. Bxf3 exf3 32. Qf4 {[%csl Rf3]} h5 33. Rd6 (33. Qxf3 hxg4 34. Qxg4 Rh8 35. Ne2) 33... Re6 (33... hxg4 34. Qxf6+ Kg8 35. Rxc6 $18 {[%cal Rc3d5]}) 34. Rxe6 fxe6 35. Qxf3 hxg4 36. Qxg4 Kf7 37. Qd1 (37. h5 Bf5 38. Qf4) 37... Ke7 38. h5 Bf5 39. Qf3 Qg8+ 40. Qg2 Qg4 41. e4 Qxg2+ 42. Kxg2 Bg4 43. h6 Kf7 44. f3 Bh5 45. Ne2 e5 (45... Kg6 46. Nf4+ Kxh6 47. Nxe6) 46. Ng3 Bg6 47. Kh3 Kg8 48. Kg4 c5 49. Nf5 Kh7 50. Ne7 Kxh6 51. Nc8 Be8 52. Nxa7 Bd7+ 53. Kg3 f5 54. Nb5 fxe4 55. fxe4 Kg6 56. Nc3 Kf7 57. a4 Ke6 58. Nd5 Kd6 59. Nxb6 Be8 60. a5 Kc6 61. Na4 Bg6 62. Kf3 Bh5+ 63. Ke3 Bd1 64. a6 Bxb3 65. a7 1-0